| 000 | 00477nam a22001457a 4500 | ||
|---|---|---|---|
| 082 | _a004 | ||
| 100 | _aAli, Syed Hasnain | ||
| 245 |
_aMajority based Ensemble Framework for Feature Selection using Rough Set / _cSyed Hasnain Ali |
||
| 260 |
_aIslamabad : _bCEME - NUST, _c2015. |
||
| 300 |
_a78 p. ; _c30cm. |
||
| 650 |
_aSoftware Engineering-MS-Thesis _916149 |
||
| 700 |
_aDr. Usman Qamar _918579 |
||
| 942 |
_2ddc _cTHE |
||
| 999 |
_c537871 _d537871 |
||